ბათუმის შოთა რუსთაველის სახელმწიფო უნივერსიტეტის ბიბლიოთეკა

Расчет и конструирование трубопроводной арматуры. (ბიბ.ჩანაწერი № 37235)

000 -LEADER
fixed length control field 00807nam a2200229Ia 4500
001 - CONTROL NUMBER
control field 3194
003 - CONTROL NUMBER IDENTIFIER
control field GE_BSU
008 - FIXED-LENGTH DATA ELEMENTS--GENERAL INFORMATION
fixed length control field 181216s||||||||xx |||||||||||||| ||und||
040 ## - CATALOGING SOURCE
Transcribing agency GE_BSU
080 ## - UNIVERSAL DECIMAL CLASSIFICATION NUMBER
Universal Decimal Classification number 621.646(075.8)
100 ## - MAIN ENTRY--PERSONAL NAME
Personal name Гуревич,Д.Ф.
245 ## - TITLE STATEMENT
Title Расчет и конструирование трубопроводной арматуры.
245 ## - TITLE STATEMENT
Remainder of title Учебник.
245 ## - TITLE STATEMENT
Statement of responsibility, etc. Ред.изд.В.П.Васильева, Л.Р.Кухтевич.
250 ## - EDITION STATEMENT
Edition statement Изд. 4-е. переработанное и дополненное.
260 ## - PUBLICATION, DISTRIBUTION, ETC.
Place of publication, distribution, etc. Л.
260 ## - PUBLICATION, DISTRIBUTION, ETC.
Name of publisher, distributor, etc. Машиностроение.
260 ## - PUBLICATION, DISTRIBUTION, ETC.
Date of publication, distribution, etc. 1969.
300 ## - PHYSICAL DESCRIPTION
Extent 888 стр.с илл.22см.
653 ## - INDEX TERM--UNCONTROLLED
Uncontrolled term Расчет и конструирование трубопроводной арматуры.
942 ## - ADDED ENTRY ELEMENTS (KOHA)
Koha item type წიგნი
ეგზემპლარები
Withdrawn status Lost status Damaged status Not for loan Date acquired Barcode Date last seen Price effective from Koha item type
        2018-12-17 9323 2018-12-17 2018-12-17 წიგნი